MARC

LEADER 00000nam0a2200000 4500
001 139568
005 20231031141805.0
035 |a (RuTPU)RU\TPU\book\151196 
090 |a 139568 
100 |a 20080609d1948 m y0rusy50 ca 
101 0 |a rus 
102 |a RU 
105 |a a z 000zy 
200 1 |a Подземная гидромеханика  |f И. А. Чарный 
210 |a Москва  |a Ленинград  |c ОГИЗ  |d 1948 
215 |a 196 с.  |c ил. 
610 1 |a подземная гидромеханика 
610 1 |a фильтрация 
610 1 |a несжимаемые жидкости 
610 1 |a задачи 
610 1 |a пространственные задачи 
610 1 |a пористые среды 
610 1 |a жидкости 
610 1 |a границы раздела 
610 1 |a движение 
610 1 |a нефтяные пласты 
610 1 |a скважины 
610 1 |a расстановка 
610 1 |a упругий режим 
610 1 |a исследование 
610 1 |a гидромеханические параметры 
610 1 |a газ 
610 1 |a газированные жидкости 
610 1 |a стационарные состояния 
610 1 |a метод последовательной смены 
675 |a 622.234.5  |v 3 
700 1 |a Чарный  |b И. А.  |g Исаак Абрамович 
801 1 |a RU  |b 63413507  |c 20080609  |g PSBO 
801 2 |a RU  |b 63413507  |c 20151223  |g PSBO 
900 |a Подземная гидромеханика 
942 |c BK